000 nam a22 7a 4500
999 _c8731
_d8731
008 180119b ||||| |||| 00| 0 eng d
100 _aGupta.S.P.
_95084
245 _aWork Book Social
260 _aNew Delhi
_bArya
_c2009